000 00521nam a2200193Ia 4500
003 OSt
005 20260214163016.0
008 220923b |||||||| |||| 00| 0 eng d
037 _cTextbook
040 _aRTL
_cRTL
_beng
041 _2eng
_aeng
084 _aW81 K3/TD3
_qRTL
100 _aFanon, Frentz
_9350805
245 0 _aWretched of the earth.
260 _c1966
300 _a255 p.
_bincludes bibliographical references and index
942 _hW81, K3/TD3
_cTB
_2CC
_n0
999 _c679124
_d679124